Les arrêts du tram 81 à Bruxelles - Statistiques

Statistiques générales
  • Ce quiz a été pris 81 fois
  • Le résultat moyen est 18 sur 34
Statistiques - réponses
commune arrêt % Correct
Ixelles Flagey
92%
Saint-Gilles Gare du Midi
90%
Woluwe Saint Pierre Montgomery
90%
Bruxelles-ville Bailli
73%
Anderlecht Marius Renard
73%
Anderlecht Saint Guidon
73%
Saint-Gilles Suède
69%
Etterbeek Merode
67%
Etterbeek la Chasse
65%
Ixelles Levure
63%
Saint-Gilles Barrière
60%
Ixelles Germoir
60%
Ixelles/Saint-Gilles Trinité
60%
Saint-Gilles Bethléem
58%
Saint-Gilles Janson
58%
Saint-Gilles Bara
56%
Saint-Gilles Moris
52%
Saint-Gilles Avenue du Roi
48%
Anderlecht Conseil
48%
Saint-Gilles Guillaume Tell
44%
Anderlecht Meir
44%
Anderlecht Cureghem
40%
Ixelles Dautzenberg
40%
Etterbeek Eglise Saint Antoine
40%
Anderlecht Résistance
40%
Anderlecht Albert I
35%
Saint-Gilles Lombardie
35%
Etterbeek Place Saint Pierre
35%
Anderlecht Douvres
33%
Etterbeek Acacias
31%
Anderlecht Frans Hals
25%
Anderlecht Ysaye
25%
Anderlecht Parc Vivès
23%
Anderlecht Van Beethoven
23%
Aucun quiz correspondant
Distribution des résultats
% des personnes avec chaque résultat
Percentile par nombre de réponses
Votre historique - résultats
Vous n’avez pas pris ce quiz